Tennis - Tous les Gagnants d'un titre ATP en 2024 - Statistiques

Statistiques générales
  • Ce quiz a été pris 1 250 fois
    524 depuis la dernière actualisation
  • Le résultat moyen est 52 sur 66
Statistiques - réponses
Tournois Type de quiz Surface Nationalité Vainqueurs % Correct
Open d'Australie Grand Chelem Dur Italie Jannik Sinner
99%
Rotterdam ATP 500 Dur Italie Jannik Sinner
99%
Miami Masters 1000 Dur Italie Jannik Sinner
99%
Halle ATP 500 Gazon Italie Jannik Sinner
99%
Cincinnati Masters 1000 Dur Italie Jannik Sinner
99%
US Open Grand Chelem Dur Italie Jannik Sinner
99%
Shanghai Masters 1000 Dur Italie Jannik Sinner
99%
Turin ATP Finals Dur Italie Jannik Sinner
99%
Indian Wells Masters 1000 Dur Espagne Carlos Alcaraz
98%
Roland-Garros Grand Chelem Terre Battue Espagne Carlos Alcaraz
98%
Wimbledon Grand Chelem Gazon Espagne Carlos Alcaraz
98%
Pékin ATP 500 Dur Espagne Carlos Alcaraz
98%
Brisbane ATP 250 Dur Bulgarie Grigor Dimitrov
96%
Hong Kong ATP 250 Dur Russie Andrey Rublev
95%
Madrid Masters 1000 Terre Battue Russie Andrey Rublev
95%
Rome Masters 1000 Terre Battue Allemagne Alexander Zverev
94%
Paris Masters 1000 Dur Allemagne Alexander Zverev
94%
Hambourg ATP 500 Terre Battue France Arthur Fils
93%
Tokyo ATP 500 Dur France Arthur Fils
93%
Barcelone ATP 500 Terre Battue Norvège Casper Ruud
91%
Genève ATP 250 Terre Battue Norvège Casper Ruud
91%
Marseille ATP 250 Dur France Ugo Humbert
91%
Dubaï ATP 500 Dur France Ugo Humbert
91%
Montpellier ATP 250 Dur Kazakhstan Alexander Bublik
89%
Monte Carlo Masters 1000 Terre Battue Grèce Stefanos Tsitsipas
89%
Acapulco ATP 500 Dur Australie Alex De Minaur
88%
Hertogenbosch ATP 250 Gazon Australie Alex De Minaur
88%
Delray Beach ATP 250 Dur États-Unis Taylor Fritz
88%
Eastbourne ATP 250 Gazon États-Unis Taylor Fritz
88%
Houston ATP 250 Terre Battue États-Unis Ben Shelton
84%
Lyon ATP 250 Terre Battue France Giovanni Mpetshi Perricard
81%
Bâle ATP 500 Dur France Giovanni Mpetshi Perricard
81%
Stuttgart ATP 250 Gazon Royaume-Uni Jack Draper
81%
Vienne ATP 500 Dur Royaume-Uni Jack Draper
81%
Jeddah ATP Finals Next Gen Dur Brésil Joao Fonseca
80%
Dallas ATP 250 Dur États-Unis Tommy Paul
80%
Queen's ATP 500 Gazon États-Unis Tommy Paul
80%
Stockholm ATP 250 Dur États-Unis Tommy Paul
80%
Estoril ATP 250 Terre Battue Pologne Hubert Hurkacz
78%
Rio de Janeiro ATP 500 Terre Battue Argentine Sebastian Baez
76%
Santiago ATP 250 Terre Battue Argentine Sebastian Baez
76%
Umag ATP 250 Terre Battue Argentine Francisco Cerundolo
75%
Doha ATP 250 Dur Russie Karen Khachanov
75%
Almaty ATP 250 Dur Russie Karen Khachanov
75%
Marrakech ATP 250 Terre Battue Italie Matteo Berrettini
75%
Gstaad ATP 250 Terre Battue Italie Matteo Berrettini
75%
Kitzbuhel ATP 250 Terre Battue Italie Matteo Berrettini
75%
Adélaïde ATP 250 Dur République Tchèque Jiri Lehecka
73%
Auckland ATP 250 Dur Chili Alejandro Tabilo
72%
Majorque ATP 250 Gazon Chili Alejandro Tabilo
72%
Belgrade ATP 250 Dur Canada Denis Shapovalov
72%
Bastad ATP 250 Terre Battue Portugal Nuno Borges
71%
Canada Masters 1000 Dur Australie Alexei Popyrin
70%
Hangzhou ATP 250 Dur Croatie Marin Cilic
67%
Munich ATP 250 Terre Battue Allemagne Jan-Lennard Struff
61%
Metz ATP 250 Dur France Benjamin Bonzi
55%
Winston-Salem ATP 250 Dur Italie Lorenzo Sonego
52%
Washington ATP 500 Dur États-Unis Sebastian Korda
52%
Atlanta ATP 250 Gazon Japon Yoshihito Nishioka
51%
Anvers ATP 250 Dur Espagne Roberto Bautista-Agut
50%
Cordoba ATP 250 Terre Battue Italie Luciano Darderi
47%
Los Cabos ATP 250 Dur Australie Jordan Thompson
46%
Bucarest ATP 250 Terre Battue Hongrie Marton Fucsovics
45%
Chengdu ATP 250 Dur Chine Juncheng Shang
41%
Newport ATP 250 Gazon États-Unis Marcos Giron
29%
Buenos Aires ATP 250 Terre Battue Argentine Facundo Diaz Acosta
19%
Aucun quiz correspondant
Distribution des résultats
% des personnes avec chaque résultat
Percentile par nombre de réponses
Votre historique - résultats
Vous n’avez pas pris ce quiz depuis la dernière actualisation